00728nam a2200205 4500999001500000001000600015003000900021005001700030008004100047040003800088082002400126245007400150260004500224300002200269505001200291650004400303700003600347942001200383952012700395 c1803d180319476BD-DhUAP20200216152821.0200216s2014 bg mx p w 0 a0eng d aBD-DhAALcBD-DhAALbEngdBD-DhUAP00a340.5492115 BAN22300aBangladesh legal decision /cedited by Sheikh Muhammed Serajul Islam. aDhaka :bBangladesh Bar Council,cc2015. avolumes ;c26 cm. aV. 34-- aLawxPsychological aspectszBangladesh. aIslam, Sheikh Muhammed Serajul. 2ddccBK 00102ddc4070aUAPCLbUAPCLcGeneral Stacksd2020-02-16o340.5492115 BAN V-34p3010019476r2020-02-16t1w2020-02-16yBK